| 000 | nam a22 a 4500 | ||
|---|---|---|---|
| 999 |
_c395 _d395 |
||
| 003 | AKMAL | ||
| 005 | 20170503154643.0 | ||
| 008 | 170503s1994 my 00 may d | ||
| 020 |
_a9839962892 (kkt.): _cRM 15.00 |
||
| 040 | _aAKMAL | ||
| 090 |
_a111.1 ALA _bALA |
||
| 100 |
_aal-Attas, Syed Muhammad Naquib, _d1931- _9847 |
||
| 245 | 1 | 4 |
_aThe degree of existence / _cby Syed Muhammad Naquib al-Attas |
| 260 |
_aKuala Lumpur : _bInternational Institute of Islamic Thought and Civilization, _c1994 |
||
| 300 |
_a72p. : _b; _c22cm |
||
| 650 |
_aExistentialism _9898 |
||
| 650 |
_aOntology _9899 |
||
| 650 |
_aTheology _9900 |
||
| 942 |
_2ddc _cBOOK |
||